000 00510cam a22001457a 4500
008 180718b1969 xxu||||| |||| 00| 0 eng d
082 _aL00x54 In2s
100 _aThavaraj, M.J.K.
245 _aStudy of the system of payments and receipts at the treasuries
_cBy M.J.K. Thavaraj and K.L. Handa
260 _aNew Delhi
_bIndian Institute of Public Administration
_c1969
300 _a97p.
650 _aFinance Departments - India
700 _aHanda, K.L.
700 _aIndian Institute of Public Administration
999 _c475924
_d475924